[Event "Ruhrgebiet Verbandsliga Gruppe 1 1718"]
[Site "Germany"]
[Date "2017.12.03"]
[Round "4.8"]
[White "Tochtrop, Lothar"]
[Black "Stoetzel, Martin"]
[Result "1-0"]
[WhiteElo "1843"]
[BlackElo "1751"]
[PlyCount "57"]
[EventDate "2017.09.17"]
[EventType "team-tourn"]
[EventRounds "9"]
[EventCountry "GER"]
[SourceTitle "EXT 2022"]
[Source "ChessBase"]
[SourceDate "2021.10.06"]
[SourceVersion "1"]
[SourceVersionDate "2021.10.06"]
[SourceQuality "1"]
[WhiteTeam "Bottrop SV"]
[BlackTeam "Erkenschwick II"]
[WhiteTeamCountry "GER"]
[BlackTeamCountry "GER"]

1. e4 c5 2. Nf3 e6 3. d4 cxd4 4. Nxd4 Nc6 5. Nc3 Qc7 6. Be3 a6 7. Be2 Nf6 8. 0-0 Bb4 9. Nxc6 bxc6 10. Na4 d5 11. exd5 cxd5 12. g3 0-0 13. a3 Be7 14. Rc1 e5 15. c3 Bb7 16. b4 Rad8 17. Bb6 Qc6 18. Bxd8 Rxd8 19. Bf3 Ne4 20. Nb2 Qf6 21. Bg2 a5 22. Qe2 axb4 23. cxb4 Ra8 24. Rc7 Nd6 25. a4 Bd8 26. Rxb7 Nxb7 27. Bxd5 Rb8 28. Qb5 Qe7 29. a5 1-0

[Event "Ruhrgebiet Verbandsliga Gruppe 1 1718"]
[Site "Germany"]
[Date "2017.09.17"]
[Round "1.5"]
[White "Tochtrop, Lothar"]
[Black "Wloka, Sebastian"]
[Result "1-0"]
[WhiteElo "1843"]
[BlackElo "1891"]
[PlyCount "77"]
[EventDate "2017.09.17"]
[EventType "team-tourn"]
[EventRounds "9"]
[EventCountry "GER"]
[SourceTitle "EXT 2022"]
[Source "ChessBase"]
[SourceDate "2021.10.06"]
[SourceVersion "1"]
[SourceVersionDate "2021.10.06"]
[SourceQuality "1"]
[WhiteTeam "Bottrop SV"]
[BlackTeam "Eichlinghofen SV"]
[WhiteTeamCountry "GER"]
[BlackTeamCountry "GER"]

1. e4 c5 2. Nf3 Nc6 3. Bc4 e6 4. Nc3 Nf6 5. d4 cxd4 6. Nxd4 e5 7. Nf5 d6 8. Ne3 Be6 9. 0-0 Be7 10. Ned5 Rc8 11. Nxf6+ Bxf6 12. Bxe6 fxe6 13. Qh5+ g6 14. Qg4 Qe7 15. Nd5 Qf7 16. Nxf6+ Qxf6 17. Bg5 Qf7 18. Rad1 h5 19. Qh3 0-0 20. Rxd6 Nd4 21. c3 Qc7 22. Rxd4 exd4 23. Qxe6+ Kh7 24. cxd4 Rfe8 25. Qd5 Qc4 26. Qd7+ Kg8 27. e5 Rf8 28. b3 Rf7 29. Qd6 Qc7 30. Qxg6+ Rg7 31. Qe6+ Kh7 32. Qf5+ Kg8 33. Bf6 Rh7 34. d5 Qc2 35. Qg5+ Kf8 36. d6 Qd3 37. Be7+ Kf7 38. Qf6+ Kg8 39. Qe6+ 1-0

[Event "Ruhrgebiet Verbandsliga Gruppe 2 1415"]
[Site "Germany"]
[Date "2015.01.18"]
[Round "5"]
[White "Tochtrop, Lothar"]
[Black "Steinle, Carsten"]
[Result "0-1"]
[WhiteElo "1853"]
[BlackElo "2124"]
[PlyCount "70"]
[EventDate "2014.09.21"]
[EventType "team-tourn"]
[EventRounds "9"]
[EventCountry "GER"]
[SourceTitle "EXT 2022"]
[Source "ChessBase"]
[SourceDate "2021.10.06"]
[SourceVersion "1"]
[SourceVersionDate "2021.10.06"]
[SourceQuality "1"]
[WhiteTeam "Bottrop SV"]
[BlackTeam "Ahlen SV"]
[WhiteTeamCountry "GER"]
[BlackTeamCountry "GER"]

1. e4 e6 2. d4 d5 3. Nd2 Nf6 4. e5 Nfd7 5. Bd3 b6 6. Ne2 c5 7. c3 Ba6 8. Bxa6 Nxa6 9. 0-0 b5 10. f4 g6 11. Ng3 Qb6 12. Nf3 b4 13. Be3 Rb8 14. dxc5 Bxc5 15. Nd4 Nc7 16. cxb4 Qxb4 17. b3 Nb5 18. Nge2 Rc8 19. Qd3 Nxd4 20. Bxd4 0-0 21. Rfc1 Rc7 22. Bxc5 Rxc5 23. Qd4 Qa3 24. Qd2 Rfc8 25. Rxc5 Qxc5+ 26. Nd4 a6 27. h3 Kg7 28. Kh2 Qb6 29. Rd1 Nc5 30. Qf2 Qd8 31. Nf3 Ne4 32. Qd4 Qa5 33. Qb2 Qc5 34. Nd2 Qf2 35. a3 Rc3 0-1

[Event "NRW Verbandsliga Group1 1314"]
[Site "Nordrheinwestfalen"]
[Date "2013.11.24"]
[Round "4"]
[White "Wallhof, Dieter"]
[Black "Tochtrop, Lothar"]
[Result "1-0"]
[WhiteElo "1817"]
[BlackElo "1776"]
[PlyCount "49"]
[EventDate "2013.09.08"]
[EventType "team-tourn"]
[EventRounds "9"]
[EventCountry "GER"]
[SourceTitle "EXT 2020"]
[Source "ChessBase"]
[SourceDate "2019.10.17"]
[SourceVersion "1"]
[SourceVersionDate "2019.10.17"]
[SourceQuality "1"]
[WhiteTeam "Welper SV"]
[BlackTeam "Bottrop SV"]
[WhiteTeamCountry "GER"]
[BlackTeamCountry "GER"]

1. Nf3 Nf6 2. g3 d5 3. c4 c6 4. b3 Bf5 5. Bg2 Nbd7 6. Bb2 e6 7. 0-0 Bd6 8. d4 0-0 9. Nbd2 Re8 10. Nh4 Bg4 11. c5 Bc7 12. f4 Nh5 13. Nhf3 Nhf6 14. b4 Bf5 15. Qb3 Ne4 16. Rfe1 f6 17. Nf1 e5 18. e3 exf4 19. exf4 Qe7 20. Re3 Qf7 21. Nh4 Qh5 22. Nxf5 Qxf5 23. Rae1 Kh8 24. Nd2 Qe6 25. Nxe4 1-0

[Event "Ruhrgebiet VK2 1112"]
[Site "Nordrheinwestfalen"]
[Date "2011.10.09"]
[Round "2.3"]
[White "Arnold, Ulrich"]
[Black "Tochtrop, Lothar"]
[Result "1/2-1/2"]
[WhiteElo "1847"]
[BlackElo "1912"]
[PlyCount "50"]
[EventDate "2012.09.18"]
[EventType "team-tourn"]
[EventRounds "9"]
[EventCountry "GER"]
[SourceTitle "EXT 2020"]
[Source "ChessBase"]
[SourceDate "2019.10.17"]
[SourceVersion "1"]
[SourceVersionDate "2019.10.17"]
[SourceQuality "1"]
[WhiteTeam "Drewer SG"]
[BlackTeam "Bottrop SV"]
[WhiteTeamCountry "GER"]
[BlackTeamCountry "GER"]

1. c4 e5 2. g3 Nc6 3. Bg2 f5 4. d3 Nf6 5. Nc3 d6 6. e3 Be7 7. Nge2 0-0 8. 0-0 Qe8 9. Nd5 Nxd5 10. cxd5 Nd8 11. b4 Bd7 12. a4 Qh5 13. Nc3 Qh6 14. Ne2 Nf7 15. Bb2 c6 16. f4 cxd5 17. Bxd5 Bc6 18. Qb3 Bxd5 19. Qxd5 Rac8 20. Rac1 Bf6 21. Rxc8 Rxc8 22. Rc1 Rxc1+ 23. Bxc1 Qh5 24. Qg2 exf4 25. exf4 g5 1/2-1/2

[Event "Ruhrgebiet Verbandsliga1 1011"]
[Site "Nordrheinwestfalen"]
[Date "2010.12.05"]
[Round "4.5"]
[White "Tochtrop, Lothar"]
[Black "Imcke, Patrick"]
[Result "1/2-1/2"]
[WhiteElo "1955"]
[BlackElo "1863"]
[PlyCount "58"]
[EventDate "2011.09.12"]
[EventType "team-tourn"]
[EventRounds "9"]
[EventCountry "GER"]
[SourceTitle "EXT 2020"]
[Source "ChessBase"]
[SourceDate "2019.10.17"]
[SourceVersion "1"]
[SourceVersionDate "2019.10.17"]
[SourceQuality "1"]
[WhiteTeam "Bottrop SV"]
[BlackTeam "Katernberg SF III"]
[WhiteTeamCountry "GER"]
[BlackTeamCountry "GER"]

1. e4 e6 2. d4 d5 3. Nd2 Nf6 4. e5 Nfd7 5. Bd3 c5 6. c3 Nc6 7. Ndf3 cxd4 8. cxd4 f6 9. exf6 Nxf6 10. Nh3 Bd6 11. 0-0 Qc7 12. Re1 0-0 13. Nhg5 e5 14. dxe5 Nxe5 15. Nxe5 Bxe5 16. Bxh7+ Kh8 17. Bg6 Bxh2+ 18. Kh1 Ng4 19. Qf3 Bd6 20. Qh3+ Nh6 21. Ne6 Bxe6 22. Rxe6 Bf4 23. Bxf4 Qxf4 24. Bd3 Rac8 25. Re2 Rc1+ 26. Rxc1 Qxc1+ 27. Kh2 Qf4+ 28. Kg1 Qc1+ 29. Kh2 Qf4+ 1/2-1/2

[Event "Ruhrgebiet VL2 0910"]
[Site "Germany"]
[Date "2010.03.21"]
[Round "8.5"]
[White "Tochtrop, Lothar"]
[Black "Borjini, Faousi"]
[Result "0-1"]
[WhiteElo "2043"]
[BlackElo "1915"]
[PlyCount "80"]
[EventDate "2009.09.06"]
[EventType "team-tourn"]
[EventRounds "9"]
[EventCountry "GER"]
[SourceTitle "EXT 2011"]
[Source "ChessBase"]
[SourceDate "2010.11.26"]
[SourceVersion "1"]
[SourceVersionDate "2010.11.26"]
[SourceQuality "1"]
[WhiteTeam "Bottrop"]
[BlackTeam "Dortmund FS 98"]
[WhiteTeamCountry "GER"]
[BlackTeamCountry "GER"]

1. e4 c5 2. Nf3 d6 3. d4 cxd4 4. Nxd4 Nf6 5. Nc3 a6 6. Bc4 e6 7. Bb3 Be7 8. Be3 0-0 9. Qe2 b5 10. a3 Qc7 11. 0-0-0 Nc6 12. g4 Na5 13. g5 Nxb3+ 14. Nxb3 Nd7 15. f4 Nb6 16. Bxb6 Qxb6 17. f5 Bxg5+ 18. Kb1 Bf6 19. Rd3 Bb7 20. fxe6 fxe6 21. Qg4 Rae8 22. Nd2 Be5 23. Rh3 g6 24. Rg1 Rf4 25. Qg5 Bf6 26. Qxf4 Qxg1+ 27. Ka2 Qd4 28. Qh6 Re7 29. Rd3 Qc5 30. h4 Rf7 31. Nf3 Bxe4 32. Nxe4 Qc4+ 33. Kb1 Qxe4 34. Rxd6 Qxf3 35. Rxe6 Qd1+ 36. Qc1 Qxc1+ 37. Kxc1 Bxh4 38. Rxa6 g5 39. a4 bxa4 40. Rxa4 h5 0-1

[Event "Ruhrgebiet VL2 0708"]
[Site "Germany"]
[Date "2007.09.16"]
[Round "1.6"]
[White "Tochtrop, Lothar"]
[Black "Kathstede, Gerd"]
[Result "0-1"]
[WhiteElo "2060"]
[BlackElo "2142"]
[PlyCount "66"]
[EventDate "2007.09.02"]
[EventType "team"]
[EventRounds "9"]
[EventCountry "GER"]
[SourceTitle "EXT 2009"]
[Source "ChessBase"]
[SourceDate "2008.11.26"]
[SourceVersion "1"]
[SourceVersionDate "2008.11.26"]
[SourceQuality "1"]
[WhiteTeam "Bottrop"]
[BlackTeam "Hervest Dorsten"]
[WhiteTeamCountry "GER"]
[BlackTeamCountry "GER"]

1. e4 c5 2. Nf3 d6 3. d4 cxd4 4. Nxd4 Nf6 5. Nc3 Nc6 6. Bc4 e6 7. Bb3 Be7 8. Be3 0-0 9. Qe2 Bd7 10. 0-0-0 a6 11. Rhg1 b5 12. Nxc6 Bxc6 13. e5 Ne8 14. exd6 Bxd6 15. Bc5 Qg5+ 16. Be3 Qe7 17. Qh5 Nf6 18. Qh4 Qc7 19. g4 Ne4 20. Nxe4 Bxe4 21. Rd4 Bg6 22. Rgd1 Bc5 23. Rd7 Bxe3+ 24. fxe3 Qc5 25. Qf2 a5 26. a4 Rab8 27. Qf4 e5 28. Qf2 bxa4 29. Bxa4 Rb4 30. R1d5 Qc4 31. b3 Qc3 32. Rd8 Rxg4 33. e4 Rg1+ 0-1

[Event "GER-ch Seniors Gp-A 19th"]
[Site "Templin"]
[Date "2007.08.28"]
[Round "6"]
[White "Tochtrop, Lothar"]
[Black "Gudat, Alfons"]
[Result "1/2-1/2"]
[WhiteElo "1872"]
[BlackElo "1930"]
[PlyCount "31"]
[EventDate "2007.08.23"]
[EventType "swiss"]
[EventRounds "9"]
[EventCountry "GER"]
[SourceTitle "EXT 2022"]
[Source "ChessBase"]
[SourceDate "2021.10.06"]
[SourceVersion "1"]
[SourceVersionDate "2021.10.06"]
[SourceQuality "1"]

1. e4 c5 2. Nf3 Nc6 3. d4 cxd4 4. Nxd4 Nf6 5. Nc3 e5 6. Nb3 Bb4 7. Bc4 d6 8. 0-0 Bxc3 9. bxc3 0-0 10. Ba3 Ne8 11. Bd5 Qc7 12. f4 exf4 13. Rxf4 Be6 14. Bxe6 fxe6 15. Rxf8+ Kxf8 16. Qg4 1/2-1/2